Управление качеством приема абитуриентов; Качество образования: экономика, законодательство, технологии

Bibliographic Details
Parent link:Качество образования: экономика, законодательство, технологии.— 2008.— С. 355-357
Main Author: Солдатов А. Н.
Other Authors: Громаков Е. И. Евгений Иванович
Language:Russian
Published: 2008
Subjects:
Format: MixedMaterials Book Chapter
KOHA link:https://koha.lib.tpu.ru/cgi-bin/koha/opac-detail.pl?biblionumber=247251

MARC

LEADER 00000naa2a2200000 4500
001 247251
005 20240207132220.0
035 |a (RuTPU)RU\TPU\book\268732 
035 |a RU\TPU\book\268731 
090 |a 247251 
100 |a 20131219d2008 k y0rusy50 ca 
101 0 |a rus 
102 |a RU 
200 1 |a Управление качеством приема абитуриентов  |f А. Н. Солдатов, Е. И. Громаков 
463 0 |0 (RuTPU)RU\TPU\book\160819  |y 978-5-86889-453-4  |t Качество образования: экономика, законодательство, технологии  |o материалы X Юбилейной международной научно-практической конференции, 16-17 ноября 2007 г., Томск, Россия  |f Томский экономико-юридический институт (ТЭЮИ) ; Качество образования: экономика, законодательство, технологии ; под ред. В. В. Тирского  |v С. 355-357  |d 2008  |p 379 с. 
610 1 |a труды учёных ТПУ 
700 1 |a Солдатов  |b А. Н. 
701 1 |a Громаков  |b Е. И.  |c специалист в области автоматизированных систем управления  |c доцент Томского политехнического университета, кандидат технических наук  |f 1943-  |g Евгений Иванович  |3 (RuTPU)RU\TPU\pers\25727  |9 11629 
801 1 |a RU  |b 63413507  |c 20131219 
801 2 |a RU  |b 63413507  |c 20131219  |g RCR 
942 |c BK